000 00518nam a2200193Ia 4500
005 20250508163237.0
008 008 250505s9999 xx 000 0 hin d
020 _a5-05-000977-4
037 _aTextual
040 _aFEDL
_beng
_cFEDL
041 _ahin
_2eng
084 _aFH, TAG
_qFEDL
100 _aTegore Rabindernath
_9774973
245 0 _aTayag ka mulya: Kumudini
260 _aDelhi, India
_bSanmarg Prakashan
_c1977
300 _a239p.
942 _cTEXL
_hFH, TAG
999 _c1381734
_d1381734